<?xml version="1.0" encoding="UTF-8"?>
<record
    xmlns:xsi="http://www.w3.org/2001/XMLSchema-instance"
    xsi:schemaLocation="http://www.loc.gov/MARC21/slim http://www.loc.gov/standards/marcxml/schema/MARC21slim.xsd"
    xmlns="http://www.loc.gov/MARC21/slim">

  <leader>00901nab a2200265uuc4500</leader>
  <controlfield tag="001">986840</controlfield>
  <controlfield tag="005">20241122090350.0</controlfield>
  <controlfield tag="008">060801s2006                        spa  </controlfield>
  <datafield tag="035" ind1=" " ind2=" ">
    <subfield code="a">986840</subfield>
  </datafield>
  <datafield tag="035" ind1=" " ind2=" ">
    <subfield code="a">(OCoLC)820358343</subfield>
  </datafield>
  <datafield tag="040" ind1=" " ind2=" ">
    <subfield code="c">comduadb</subfield>
  </datafield>
  <datafield tag="041" ind1=" " ind2=" ">
    <subfield code="a">spa</subfield>
  </datafield>
  <datafield tag="100" ind1="1" ind2="0">
    <subfield code="a">Le&#xF3;n G&#xF3;mez, Magdalena,</subfield>
    <subfield code="d">1979-</subfield>
    <subfield code="4">aut</subfield>
    <subfield code="0">(viaf)32281980</subfield>
    <subfield code="e">aut</subfield>
    <subfield code="9">238429</subfield>
  </datafield>
  <datafield tag="245" ind1="1" ind2="3">
    <subfield code="a">La cuota sola no basta : el caso de Colombia</subfield>
  </datafield>
  <datafield tag="650" ind1=" " ind2="7">
    <subfield code="a">Ciudadan&#xED;a</subfield>
    <subfield code="z">Colombia</subfield>
    <subfield code="2">embne</subfield>
    <subfield code="9">3564</subfield>
  </datafield>
  <datafield tag="650" ind1=" " ind2=" ">
    <subfield code="a">Mujeres y pol&#xED;tica</subfield>
    <subfield code="9">83865</subfield>
  </datafield>
  <datafield tag="650" ind1=" " ind2="7">
    <subfield code="a">Participaci&#xF3;n pol&#xED;tica</subfield>
    <subfield code="2">lemb</subfield>
    <subfield code="9">43472</subfield>
  </datafield>
  <datafield tag="650" ind1=" " ind2=" ">
    <subfield code="a">Genero - Colombia</subfield>
    <subfield code="9">156647</subfield>
  </datafield>
  <datafield tag="650" ind1=" " ind2="7">
    <subfield code="a">Mujeres en la pol&#xED;tica</subfield>
    <subfield code="2">lemb</subfield>
    <subfield code="9">6075</subfield>
  </datafield>
  <datafield tag="650" ind1=" " ind2=" ">
    <subfield code="a">Ley de cuotas</subfield>
    <subfield code="9">71316</subfield>
  </datafield>
  <datafield tag="650" ind1=" " ind2=" ">
    <subfield code="a">Ley 581 de 2000</subfield>
    <subfield code="9">105072</subfield>
  </datafield>
  <datafield tag="700" ind1="1" ind2="0">
    <subfield code="a">Holguin, Jimena</subfield>
    <subfield code="4">aut</subfield>
    <subfield code="e">aut</subfield>
    <subfield code="9">425817</subfield>
  </datafield>
  <datafield tag="773" ind1="0" ind2=" ">
    <subfield code="t">Econom&#xED;a Colombiana (Bogot&#xE1;)</subfield>
    <subfield code="g">No. 312, Ene.-Feb. 2006, p. 26-47</subfield>
    <subfield code="w">103880</subfield>
    <subfield code="x">0120-4998</subfield>
    <subfield code="0">88663</subfield>
  </datafield>
  <datafield tag="942" ind1=" " ind2=" ">
    <subfield code="c">ARIMP</subfield>
  </datafield>
  <datafield tag="999" ind1=" " ind2=" ">
    <subfield code="c">385498</subfield>
    <subfield code="d">385498</subfield>
  </datafield>
</record>
